1053 1809 1254 1921 1046 1045 1781 1818 1915 1040 1198 1286 1779 1911 1243 1621 1321 1593 1484 1985 1719 1602 1061 1427 1457 1616 1998 1710 1387 1832 1308 1927 1881 1205 1032 1896 1218 1251 1917 1256 1145 1028 1776 1921 1359 1793 1204 1296 1239 1450 1691 1023 1843 1189 1954 1133 1319 1242 1901 1257 1915 1928 1770 1203 1726 1281 1999 1325 1579 1601 1962 1631 1897 1375 1035 1058 1682 1068 1209 1461 1926 1351 1046 1765 1192 1157 1100 1433 1660 1796 1440 1646 1840 1574 1988 1985 1777 1837 1013 BCNSPRNW ULIB Ver.6.0+V

เปลี่ยนเป็นภาษาไทย

Change to English
 แสดงรายละเอียดบรรณานุกรม
  กลับหน้าหลัก

Brief Record : Get Marc (ISO 2709) : E-mail record : QR code < ปิดหน้าต่าง
LEADER : 00000nam 2200000uu 4500
001    13399122523
003     ULIB
008    020711s2546 th a 000 0 tha d
020    9747254956
050    PL4185ูิ=432r
100    ชัยวัฒน์ สีแก้ว
245    พจนานุกรมไทย ฉบับนักเรียน/^cชัยวัฒน์ สีแก้ว
260    กรุงเทพฯ :^bหอสมุดกลาง0808,^c2546
300    565 หน้า
650    พจนานุกรม
945    ^p0^l0^i16176
945    ^p0^l0^i16177
รายการนี้ยังไม่มีแท็ก
คุณยังไม่ได้ล็อกอิน คุณสามารถมีกิจกรรมร่วมกับเว็บไซต์ได้ แต่ต้องล็อกอินก่อน ::
  ล็อกอิน

รายการสื่อสารสนเทศ

ลำดับที่ ประเภท เลขเรียก/บาร์โค้ด สถานที่ สถานะ
1. การศึกษาทั่วไป
การศึกษาทั่วไป
PL4185ูิ=432r ฉ.1 
  Barcode: 16176
ห้องสมุดวิทยาเขตสวรรค์ประชารักษ์
►หนังสือทั่วไป
บนชั้น
2. การศึกษาทั่วไป
การศึกษาทั่วไป
PL4185ูิ=432r ฉ.2 
  Barcode: 16177
ห้องสมุดวิทยาเขตสวรรค์ประชารักษ์
►หนังสือทั่วไป
บนชั้น

รายการใกล้เคียง
    หัวเรื่อง [พจนานุกรม]

BibComment


ยังไม่เคยถูกคอมเมนท์

คอมเมนท์ทรัพยากรรายการนี้
  คอมเมนท์: พจนานุกรมไทย ฉบับ..


 Copyright 2026. Bcnsprnw @Library